| 000 | 00791nmc a2200289 a 4500 | ||
|---|---|---|---|
| 003 | AR-BaBNM | ||
| 005 | 20251128210933.0 | ||
| 008 | 041120s1998 ||||||||||||||000 | spa|| | ||
| 020 | _a968-16-4822-6 | ||
| 040 | _cAR-BaBNM | ||
| 100 | 1 | _aCôté, Denis | |
| 245 | 1 | 0 | _aViaje en el tiempo |
| 250 | _a2ª ed. | ||
| 260 |
_aMéxico, D.F. _bFondo de Cultura Económica _c1998 |
||
| 300 | 0 |
_a60 p. _bil. |
|
| 490 | 0 |
_aA la orilla del viento _vv. 4 |
|
| 650 | 4 | _aLITERATURA CONTEMPORANEA | |
| 650 | 4 | _aLITERATURA CANADIENSE | |
| 653 | _aNARRATIVA | ||
| 653 | _aLITERATURA JUVENIL | ||
| 655 | _aLITERATURA | ||
| 700 | 1 |
_aNava Bouchaín, Francisco _eilustrador |
|
| 700 | 1 |
_aPeyrón, Gabriela _etraductor |
|
| 800 | 1 |
_aGoldin, Daniel _ecoordinador |
|
| 942 | _cBK | ||
| 998 | _cMARTIN | ||
| 999 |
_c17536 _d17536 |
||